000 00444nam a22001217a 4500
999 _c10242
_d10242
003 OSt
008 201218b ||||| |||| 00| 0 eng d
245 _aJournal of Electronic Design Technology
250 _a2017(Jan-Apr Vol.8 No.1, May-Aug Vol.8 No.2, Sep-Dec Vol.8 No.3) 2018(Jan-Apr Vol.9 No.1, May-Aug Vol.9 No.2, Sep-Dec Vol.9 No.3)
260 _aNoida
_bSTM Journals
650 _aElectronics and Communication Engineering
942 _2ddc
_cBV